<?xml version="1.0" encoding="UTF-8"?>
<record
    xmlns:xsi="http://www.w3.org/2001/XMLSchema-instance"
    xsi:schemaLocation="http://www.loc.gov/MARC21/slim http://www.loc.gov/standards/marcxml/schema/MARC21slim.xsd"
    xmlns="http://www.loc.gov/MARC21/slim">

  <leader>02194cam a22002655a 4500</leader>
  <controlfield tag="001">15967060</controlfield>
  <controlfield tag="005">20151125120510.0</controlfield>
  <controlfield tag="008">091030t2010    nyu    frb    001 0 eng d</controlfield>
  <datafield tag="020" ind1=" " ind2=" ">
    <subfield code="a">9781848728110</subfield>
  </datafield>
  <datafield tag="040" ind1=" " ind2=" ">
    <subfield code="a">DLC</subfield>
    <subfield code="c">DLC</subfield>
    <subfield code="b">eng</subfield>
    <subfield code="d">EG-ScBUE</subfield>
  </datafield>
  <datafield tag="082" ind1="0" ind2="4">
    <subfield code="a">658.8340846</subfield>
    <subfield code="2">22</subfield>
    <subfield code="b">AGI</subfield>
  </datafield>
  <datafield tag="245" ind1="0" ind2="4">
    <subfield code="a">The aging consumer :</subfield>
    <subfield code="b">perspectives from psychology and economics /</subfield>
    <subfield code="c">edited by Aimee Drolet, Norbert Schwarz, Carolyn Yoon.</subfield>
  </datafield>
  <datafield tag="260" ind1=" " ind2=" ">
    <subfield code="a">New York ;</subfield>
    <subfield code="a">London :</subfield>
    <subfield code="b">Routledge / Taylor &amp; Francis Group,</subfield>
    <subfield code="c">c.2010.</subfield>
  </datafield>
  <datafield tag="300" ind1=" " ind2=" ">
    <subfield code="a">xxi, 301 p. :</subfield>
    <subfield code="b">ill. ;</subfield>
    <subfield code="c">24 cm.</subfield>
  </datafield>
  <datafield tag="504" ind1=" " ind2=" ">
    <subfield code="a">Includes bibliographical references and indexes.</subfield>
  </datafield>
  <datafield tag="505" ind1="0" ind2=" ">
    <subfield code="a">Cognitive psychology and neuroscience of aging / Angela H. Gutchess -- Spending patterns in the older population / Michael D. Hurd and Susann Rohwedder -- Socioemotional selectivity theory : implications for consumer research / Aimee Drolet, Loraine Lau-Gesk, Patti Williams and Hyewook Genevieve Jeong -- Aging-related changes in decision making / Ellen Peters -- Do workers prepare rationally for retirement? / Gary Burtless -- New choices, new information : do choice abundance and information complexity hurt aging consumers' medical decision making? / Stacy L. Wood, Judith A. Shinogle and Melayne M. McInnes -- The ageing consumer and intergenerational transmission of cherished possessions / Carolyn Folkman Curasi, Linda L. Price, and Eric J. Arnould -- Comprehension of marketing communications among older consumers / Carolyn M. Bonifield and Catherine A. Cole -- Impact of age on brand choice / Rapha&#xFFFD;elle Lambert-Pandraud and Gilles Laurent -- Why do older consumers tell us they are more satisfied? / Carolyn Yoon, Fred Feinberg, and Norbert Schwarz -- Age-branding / Harry R. Moody and Sanjay Sood -- Designing products for older consumers : a human factors perspective / Neil Charness, Michael Champion and Ryan Yordon.</subfield>
  </datafield>
  <datafield tag="650" ind1=" " ind2="0">
    <subfield code="a">Older consumers.</subfield>
    <subfield code="2">BUEsh</subfield>
  </datafield>
  <datafield tag="650" ind1=" " ind2="0">
    <subfield code="a">Consumption (Economics)</subfield>
    <subfield code="2">BUEsh</subfield>
  </datafield>
  <datafield tag="650" ind1=" " ind2="7">
    <subfield code="a">Marketing.</subfield>
    <subfield code="2">BUEsh</subfield>
    <subfield code="9">4499</subfield>
  </datafield>
  <datafield tag="653" ind1=" " ind2=" ">
    <subfield code="b">BUSADM</subfield>
    <subfield code="c">August2015</subfield>
    <subfield code="c">November2015</subfield>
  </datafield>
  <datafield tag="700" ind1="1" ind2=" ">
    <subfield code="a">Drolet, Aimee Leigh,</subfield>
    <subfield code="e">editor.</subfield>
  </datafield>
  <datafield tag="700" ind1="1" ind2=" ">
    <subfield code="a">Schwarz, Norbert,</subfield>
    <subfield code="c">Dr. phil,</subfield>
    <subfield code="e">editor.</subfield>
  </datafield>
  <datafield tag="700" ind1="1" ind2=" ">
    <subfield code="a">Yoon, Carolyn,</subfield>
    <subfield code="d">1960-</subfield>
    <subfield code="e">editor.</subfield>
  </datafield>
  <datafield tag="942" ind1=" " ind2=" ">
    <subfield code="2">ddc</subfield>
  </datafield>
  <datafield tag="999" ind1=" " ind2=" ">
    <subfield code="c">20618</subfield>
    <subfield code="d">20590</subfield>
  </datafield>
  <datafield tag="952" ind1=" " ind2=" ">
    <subfield code="0">0</subfield>
    <subfield code="1">0</subfield>
    <subfield code="2">ddc</subfield>
    <subfield code="4">0</subfield>
    <subfield code="7">0</subfield>
    <subfield code="8">Baccah</subfield>
    <subfield code="a">MAIN</subfield>
    <subfield code="b">MAIN</subfield>
    <subfield code="c">1ST</subfield>
    <subfield code="d">2015-08-19</subfield>
    <subfield code="e">Purchase</subfield>
    <subfield code="g">293.00</subfield>
    <subfield code="h">21758</subfield>
    <subfield code="l">3</subfield>
    <subfield code="m">3</subfield>
    <subfield code="o">658.8340846 AGI</subfield>
    <subfield code="p">000039777</subfield>
    <subfield code="r">2025-07-15 00:00:00</subfield>
    <subfield code="s">2017-05-23</subfield>
    <subfield code="v">366.25</subfield>
    <subfield code="y">BB</subfield>
  </datafield>
</record>
